Tách phức hợp QRS bằng phương pháp wavelet : Luận văn Thạc sĩ Vật lý. Ngành Vật lý Kỹ thuật
Tìm hiểu về điện tâm đồ; tìm hiểu về các biến đổi wavelet; tìm hiểu các phương pháp tách phức hợp QRS; tách phức hợp QRS trong tín hiệu ECG bằng phép biến đổi wavelet.
Wedi'i Gadw mewn:
| Prif Awdur: | |
|---|---|
| Fformat: | Llyfr |
| Iaith: | Undetermined |
| Cyhoeddwyd: |
Cần Thơ
Trường Đại học Cần Thơ
2013
|
| Pynciau: | |
| Tagiau: |
Ychwanegu Tag
Dim Tagiau, Byddwch y cyntaf i dagio'r cofnod hwn!
|
| Thư viện lưu trữ: | Trung tâm Học liệu Trường Đại học Cần Thơ |
|---|
| LEADER | 01120nam a2200217Ia 4500 | ||
|---|---|---|---|
| 001 | CTU_185471 | ||
| 008 | 210402s9999 xx 000 0 und d | ||
| 082 | |a 515.2433 | ||
| 082 | |b A107 | ||
| 088 | |a 60440103 | ||
| 100 | |a Nguyễn, Văn Hoàng Anh | ||
| 245 | 0 | |a Tách phức hợp QRS bằng phương pháp wavelet : | |
| 245 | 0 | |b Luận văn Thạc sĩ Vật lý. Ngành Vật lý Kỹ thuật | |
| 245 | 0 | |c Nguyễn Văn Hoàng Anh ; Đặng Văn Liệt (người hướng dẫn khoa học) | |
| 260 | |a Cần Thơ | ||
| 260 | |b Trường Đại học Cần Thơ | ||
| 260 | |c 2013 | ||
| 520 | |a Tìm hiểu về điện tâm đồ; tìm hiểu về các biến đổi wavelet; tìm hiểu các phương pháp tách phức hợp QRS; tách phức hợp QRS trong tín hiệu ECG bằng phép biến đổi wavelet. | ||
| 650 | |a Điện tâm đồ,Sóng,Electrocardiography,QRS,Wavelets (Mathematics) | ||
| 904 | |i Bích Phượng, Trúc | ||
| 980 | |a Trung tâm Học liệu Trường Đại học Cần Thơ | ||